000 00374nam a2200157Ia 4500
003 OSt
005 20240208102600.0
008 170524s9999 xx 000 0 und d
020 _a978-0582381643
040 _cIIMT UNIVERSITY
100 _aTAYLOR, SHIRLEY
245 0 _aCOMMUNICATION FOR BUSINESS
260 _aNEW DELHI
_bPEARSON
_c2011
300 _a437
942 _2ddc
_c02
999 _c2680
_d2680